000 00562npc a2200205Ia 4500
001 dp5/14-33818
003 IT-MiCISF
008 161014s9999||||xx | und||
040 _aIT-MiCISF
_cIT-MiCISF
041 _ait
100 _aAA.VV.
245 0 _aUn cammino di formazione permanente per la coppia di oggi
250 _a1a ed.
260 _bEquipes Notre-Dame
_c1999
300 _app. 14
500 _aEquipes Notre Dame / spiritualità-coniugale, esperienze /
650 _apastorale-familiare
942 _cDD
957 _71
999 _a33818
_bsi
_g1
_c206599
_d206599